Normal view MARC view
  • Tamayo, Jorge L.,

Entry Nombre Personal

Number of records used in: 13

001 - NUMERO DE CONTROL

  • campo de control: 30652

003 - IDENTIFICADOR DE NUMERO DE CONTROL

  • campo de control: UPN

005 - FECHA Y HORA DE LA ÜLTIMA TRANSACCIÓN

  • campo de control: 20210219194415.0

008 - DATOS DE LONGITUD FIJA

  • campo de control de longitud fija: nabaccnnaabn|||||||||| b |nc|||||d

035 ## - NUMERO DE CONTROL

  • Número de control: UPN11000002758

040 ## - FUENTE DE CATALOGACIÓN

  • Lenguaje de catalogación: SPA
  • Agencia de transcripción: UPN

100 1# - ENCABEZAMIENTO - NOMBRE PERSONAL

  • Nombre personal: Tamayo, Jorge L.,
  • Fechas asociadas con el nombre: 1912-1978

670 ## - FUENTE EN LA QUE SE LOCALIZARON DATOS

  • Cita de la fuente: T
  • Uniform Resource Identifier: http://es.wikipedia.org/wiki/Jorge_L._Tamayo

902 ## - CATALOGADOR

  • Catalogador: CAA/151210